| 000 | 01762nam a2200265 a 4500 | ||
|---|---|---|---|
| 001 | BRCA_8926 | ||
| 005 | 20190320210448.0 | ||
| 008 | 290617s1777----sp-#######---#000-0#spa-# | ||
| 041 | _aspa | ||
| 044 | _asp | ||
| 084 |
_aLE11 _b.S47 1777 |
||
| 245 | 1 | 0 |
_aSermones del Padre Carlos Frey de Neuville _ctraducidos del francés por Don Julián Cerón y Pontéla; tomo primero ; adviento. |
| 260 |
_aMadrid _bPor D. Antonio de Sancha _c1777 |
||
| 300 |
_a[11], 331 p. (t.1) _c20.7 x 15 cm |
||
| 500 | _aCon las licencias necesarias | ||
| 500 | _aEstado físico: presenta encuadernación en pergamino con lomo semi desprendido | ||
| 500 | _aCon marca de fuego: “Procedencia de la marca: Colegio de la Santa Cruz de Querétaro(1)(2). Institución: Congregación de Propaganda Fide Descripción: Monograma ´SATO´ que se desata como San Antonio. Le sigue la abreviatura: ´Q´ de Querétaro. Corona el monograma y la inicial la palabra ´posto´ que podría hacer referencia a ´Apostólico´. Observaciones: Esta marca no se localiza en los catálogos impresos anteriores. La primera imagen de la marca de fuego corresponde al libro modelo ya que está más clara y definida. Sin embargo, el testimonio de pertenencia y la segunda imagen de la marca de fuego, pertenece al segundo ejemplar. Ubicación de la marca en el libro: Canto superior y frontal.” | ||
| 650 | 1 | 4 |
_aIglesia católica _xSermones _ySiglo XVIII _922188 |
| 650 | 1 | 4 |
_aAño litúrgico _xSermones _ySiglo XVIII _922189 |
| 650 | 1 | 4 |
_aSermones _ySiglo XVIII _922190 |
| 700 | 1 |
_aCerón y Pontéla, Julián _etr. _922191 |
|
| 856 | _ahttp://www.marcasdefuego.buap.mx:8180/xmLibris/projects/firebrand/item.jsp?repository=marcas_de_fuego&key=422f0a15.xml&num=17 | ||
| 902 | _aCFM | ||
| 942 |
_2lcc _cB |
||
| 999 |
_c8577 _d8577 |
||